=LDR 00000nam 2200000 4500 =001 INLIS000000000048837 =990 ##$$a 21600918 =005 20170323170819.0 =990 ##$$a 21600916 =006 =990 ##$$a 21600917 =007 =990 ##$$a 21600919 =008 =990 ##$$a 21601205/BPAP-NTB/2017 =020 ##$$a 978-979-29-4170-8 =990 ##$$a 21601207/BPAP-NTB/2017 =035 ##$$0010-011700000000118 =990 ##$$a 21601208/BPAP-NTB/2017 =040 ##$$a NBPDMAT =990 ##$$a 21601209/BPAP-NTB/2017 =082 ##$$a 420 =990 ##$$a 21602607/BPAP-NTB/2017 =084 ##$$a 420 $b Par s =100 ##$$a Pardiyono =245 ##$$a Sure You Can ! The Magical Steps to Specak and Write In Inglish : Panduan Praktis Mudah Bicara dan Menulis dalam Bahasa Inggris $c Pardiyono =260 ##$$a Yogyakarta : $b Andi, 2013 =300 ##$$a xii, 176 hlm. : $b ilus. ; $c 21 cm =500 ##$$a Bibliografi ; hlm . 175-176 =650 ##$$a BAHASA INGGRIS =700 ##$$a B =850 ##$$a NBPDMAT =990 ##$$a 21602607/BPAP-NTB/2017 =990 ##$$a 21600918 =990 ##$$a 21600916 =990 ##$$a 21600917 =990 ##$$a 21600919 =990 ##$$a 21601205/BPAP-NTB/2017 =990 ##$$a 21601207/BPAP-NTB/2017 =990 ##$$a 21601208/BPAP-NTB/2017 =990 ##$$a 21601209/BPAP-NTB/2017 =990 ##$$a 21602607/BPAP-NTB/2017